LEADER 01170nam0 2200325 450 001 000028393 005 20110927173125.0 010 $a88-14-11106-5 100 $a20110927d2004----km-y0itay50------ba 101 0 $aita 102 $aIT 105 $ay-------001yy 200 1 $aMicrofinanxa in Europa$fa cura di Laura Viganò$gcontributi di F. Bellio, L. Bonomo... [et al] 210 $aMilano$cGiuffrè$dc2004 215 $aXIV, 383 p.$d24 cm 225 2 $aFinanza e sviluppo$v9 300 $aIn calce al front.: Fondazione Giordano Dell\2019Amore & Fondazione europea Guido Venosta 410 0$12001$aFinanza e sviluppo 500 10$aMicrofinanza in Europa$958427 610 1 $aIntermediari finanziari$aPaesi dell'Unione Europea Finanza 610 1 $aMicrofinanza$aPaesi dell'Unione Europea 610 1 $aPiccole imprese$aFinanziamenti$aEuropa 676 $a332.66$v22$9Banche e servizi bancari d'investimento 702 1$aViganò,$bLaura 702 1$aBellio,$bFrancesco 801 0$aIT$bUNIPARTHENOPE$c20110927$gRICA$2UNIMARC 912 $a000028393 951 $a332-M/34$b43181$cNAVA1$d2011 996 $aMicrofinanza in Europa$958427 997 $aUNIPARTHENOPE